000
00313nam a22001337a 4500
008
170526b xxu||||| |||| 00| 0 eng d
020
_a
0824774981
041
_a
eng
080
_a
621(75.87)
100
_a
27
101
_a
IM
245
_a
PLASTIC GEARING SWELECTION APPLICATION
_c
ADAMS.C.E
942
_2
udc
_c
BK
999
_c
14488
_d
14488